| 000 | 00491nam a2200169 a 4500 | ||
|---|---|---|---|
| 001 | 000028492 | ||
| 005 | 20200930054956.0 | ||
| 008 | 110408s2010 dr 000 j spa d | ||
| 040 |
_aDO-SdBNP _bspa _cBNPHU |
||
| 082 |
_axxxx _bB136p |
||
| 100 | 1 |
_aBadía, Tanya _955459 |
|
| 245 | 1 | 3 |
_aEl placer de la muerte / _cTanya Badía. |
| 260 |
_aSanto Domingo : _bEdiciones Renovación, _c2010. |
||
| 300 |
_a52 p. ; _c22 cm. |
||
| 586 | _aPremio Jaime Colson, género cuento, 2009 | ||
| 049 | _aBNPD | ||
| 999 |
_c27984 _d27984 |
||